[Event "27th 4NCL Congress Open 2022"]
[Site "Harrogate"]
[Date "2022.01.23"]
[Round "4.16"]
[White "Pink, Joshua"]
[Black "Lampard, Alice"]
[Result "1-0"]
[WhiteElo "1939"]
[BlackElo "1754"]
[Annotator "TA"]
[PlyCount "135"]
[EventDate "2022.01.21"]
[EventType "swiss"]
[EventCountry "ENG"]
[SourceTitle "playchess.com"]
[Source "ChessBase"]
[SourceQuality "1"]

{[%evp 11,135,48,63,31,31,11,65,62,66,13,22,16,24,16,41,10,7,2,90,96,88,82,192,206,220,196,270,187,191,137,284,289,306,277,580,582,552,422,393,105,465,472,463,468,443,430,722,618,606,563,510,516,522,516,583,594,614,610,624,587,619,566,585,445,554,403,400,393,535,530,488,456,437,425,436,436,522,624,636,635,635,631,565,573,974,995,1146,1112,1150,470,1154,1055,1104,628,955,877,847,789,1703,1630,1727,1379,5847,5097,6806,6444,6412,5443,6307,5964,29978,29979,29978,29978,29982,29976,29984,29984,29986,29987,29987,29988,29988,29989,29989,29990]} 1. e4 c5 2. Nf3 Nc6 3. d4 cxd4 4. Nxd4 g6 5. c4 Bg7 6. Be3 Qb6 {[%cal Rc6d4]} 7. Nb5 {B38: Sicilian: Maroczy Bind with 5...Bg7 and 7...0-0.} (7. Nb3 $5 {[%cal Re3b6]} Qc7 8. Qd2 $14 (8. Nc3 Bxc3+ 9. bxc3 Nf6 $11)) 7... Qa5+ 8. Bd2 Qb6 (8... Qd8 $1 $11) 9. N1c3 $14 {White is slightly better.} Nf6 10. c5 ({White should try} 10. Nd5 $14 Nxd5 11. cxd5 (11. exd5 Nd4 $14)) 10... Qd8 $1 $11 11. Bf4 O-O {[#]} 12. Be2 $146 {Black should prevent Bc7.} ({Predecessor:} 12. Bc7 Qe8 13. e5 Nh5 14. Qd5 Nf4 15. Qe4 Ne6 16. Nd5 Nxc5 17. Qh4 Ne6 18. Bd3 Nxe5 19. Nxe7+ {0-1 (30) Simon,H-Schittecatte,G Belgium 1935}) 12... Ne8 {Prevents Bc7.} 13. Rc1 $36 {[%mdl 2048] White has good play.} a6 14. Na3 b5 (14... d6 $11 {keeps the balance.}) 15. cxb6 $1 $16 {White is more active. White now steadily converts the win.} Qxb6 16. Nc4 Bxc3+ (16... Qd8 $16) 17. Rxc3 $18 Qd8 18. h4 {[%cal Bh2h4,Bh4h5][%mdl 32]} Nf6 (18... f6 {was called for.} 19. Bh6 Ng7) 19. e5 Ne4 20. Re3 (20. Rc1 $18 {And now Qd5 would win.} f5 21. f3) 20... Nc5 (20... d5 $16) 21. h5 Bb7 22. Bh6 Re8 $2 (22... Qc7 {is a better chance.} 23. Bxf8 Rxf8) 23. hxg6 fxg6 24. Qd5+ Ne6 {[#]} 25. Bg4 $2 {A strong pair of Bishops.} (25. Rg3 $1 $18 {and the rest is easy.}) 25... Ncd4 $2 {[%mdl 8192]} 26. Qxb7 ({Less strong is} 26. Bxe6+ dxe6 27. Qxb7 Nc2+ 28. Ke2 Nxe3 29. Bxe3 (29. Nxe3 Qd4 $16) 29... Qd5 30. Qxd5 exd5 $18) 26... Nc2+ 27. Kf1 Nxe3+ 28. Bxe3 ({Resist} 28. fxe3 Qc8 29. Qd5 a5 $18) 28... Nf8 (28... Rb8 $142 29. Qd5 Rf8) 29. Qf3 {[%cal Oe5e6] Black must now prevent e6!} Qc7 30. b3 {[%cal Oe5e6] Hoping for e6!} Qc6 {Prevents e6.} 31. Qxc6 dxc6 32. Na5 h5 33. Bf3 Rac8 34. Nxc6 Nd7 35. Ke2 Kf7 36. Rd1 Rc7 37. Nb4 a5 38. Rxd7 Rxd7 {[#]} 39. Bc6 $1 axb4 (39... Rdd8 40. Bxe8+) 40. Bxd7 Ra8 41. Ba4 Rc8 42. Kd2 Ke6 43. f4 Kd5 44. Bb5 Ra8 45. Bc4+ Kc6 46. Kd3 Rxa2 47. Bd2 Kc5 48. g3 Ra1 49. Ke4 Ra2 50. Be3+ Kc6 51. Bf7 Ra3 52. Bc1 {aiming for Be3.} Ra1 53. Bd2 Rg1 54. Kf3 Rb1 55. Bxb4 Kd7 56. Bc5 e6 57. b4 Rb3+ 58. Kg2 Rb2+ 59. Kh3 Ra2 60. Bxg6 Ra8 61. Bxh5 {White mates.} Rh8 62. g4 {[%cal Bg3g4,Bg4f5][%mdl 32]} Rh7 63. Kg3 Kc6 64. Bg6 Rg7 65. f5 exf5 66. gxf5 Kd5 67. Kf4 Rc7 68. e6 {Weighted Error Value: White=0.32/Black=0.59} 1-0

[Event "27th 4NCL Congress Open 2022"]
[Site "Harrogate"]
[Date "2022.01.23"]
[Round "4.17"]
[White "Nicholson, Jim W R"]
[Black "Waterfield, Mark"]
[Result "1-0"]
[WhiteElo "1963"]
[BlackElo "1724"]
[Annotator "TA"]
[PlyCount "71"]
[EventDate "2022.01.21"]
[EventType "swiss"]
[EventCountry "ENG"]
[SourceTitle "playchess.com"]
[Source "ChessBase"]
[SourceQuality "1"]

{[%evp 9,71,16,15,4,0,-24,0,0,11,0,12,-54,16,-69,75,6,0,0,0,-83,-79,-81,-24,-47,-54,-52,-32,-108,-105,-120,-102,-103,-33,-33,9,11,11,-92,-75,-88,-85,-107,-100,-108,-102,-113,-107,-122,-122,-122,-104,-111,-115,-114,-107,-107,0,-96,15,8,1012,930,29995,29996]} 1. d4 d5 2. Nf3 Nf6 3. e3 c5 4. b3 Nc6 5. Bb2 Bf5 6. a3 {D04: Colle System.} e6 7. Bd3 Ne4 8. O-O {The position is equal.} Qf6 {[#]} 9. Qe2 $146 ({Predecessor:} 9. Ne5 Bd6 10. f3 Ng5 11. e4 Nxd4 12. Bxd4 Bxe5 13. Bxe5 Qxe5 14. exf5 Qxa1 15. c3 {1-0 (55) Franco Valencia,B (2082)-Ruiz Jaraba,V (1619) Cartagena 2019}) 9... Bg4 10. c4 ({White should play} 10. h3 $11 Bxf3 11. Qxf3) 10... Ng5 (10... cxd4 $15 11. cxd5 exd5) 11. Nbd2 (11. dxc5 $1 $11 Bxf3 12. gxf3 Nxf3+ 13. Kh1) 11... Qh6 {[#]} (11... dxc4 $15 {keeps the upper hand.} 12. Bxc4 (12. bxc4 cxd4 13. exd4 Bxf3 $15) 12... cxd4) 12. h4 (12. h3 $1 $16 {[%cal Rh3g4]} Bh5 13. cxd5 exd5 14. Rac1) 12... Nxf3+ $11 13. Nxf3 (13. gxf3 Bh3 14. Rfc1 Qxh4 $19) 13... Be7 14. Qd1 (14. dxc5 $11 {keeps the balance.} Bxh4 15. cxd5 exd5 16. Qd1) 14... cxd4 $17 15. exd4 Bxh4 (15... O-O $17 16. g3 Bf6) 16. cxd5 $11 exd5 17. Qe1+ Be6 (17... Be7 {is interesting.} 18. Ne5 Be6 19. Rc1 Nxe5 20. dxe5 O-O) 18. Bf5 (18. Nxh4 $15 Qxh4 19. f4 Qxe1 20. Raxe1) 18... Be7 $17 19. Bxe6 Qxe6 20. Rc1 Qd7 ({Better is} 20... Bd6 $17) 21. Ne5 $15 Qd6 (21... Nxe5 $15 {feels stronger.} 22. Qxe5 f6) 22. Nxc6 $11 bxc6 23. Qc3 {[#]} (23. Bc3 $1 $11 {remains equal.}) 23... Rc8 $1 $17 24. b4 O-O 25. Qf3 Bf6 26. Rfe1 Rfe8 27. Re2 Qd7 28. Rce1 Rxe2 29. Qxe2 Kf8 30. Qc2 g6 31. Qc5+ Be7 32. Qc3 Bf6 (32... Bd6 $17 33. Bc1 Kg7) 33. Bc1 (33. Qc5+ $1 $11 Kg7 34. Bc1) 33... Qg4 (33... h5 $17) 34. Bh6+ $1 $11 Kg8 $2 {[%mdl 8192] [#]} (34... Bg7 $11 35. Qc5+ Kg8 36. Bxg7 Kxg7) 35. Qxc6 $1 $18 {[%mdl 512] White wants to mate with Re8+.} Rf8 (35... Be5 36. Rxe5) 36. Qxf6 {Weighted Error Value: White=0.38/Black=0.48} 1-0

[Event "27th 4NCL Congress Open 2022"]
[Site "Harrogate"]
[Date "2022.01.23"]
[Round "4.18"]
[White "Coates, Sam"]
[Black "May, Paul"]
[Result "0-1"]
[WhiteElo "1689"]
[BlackElo "1735"]
[Annotator "NA RC"]
[PlyCount "58"]
[EventDate "2022.01.21"]
[EventType "swiss"]
[EventCountry "ENG"]
[SourceTitle "playchess.com"]
[Source "ChessBase"]
[SourceQuality "1"]
[TimeControl "5400+30"]

1. c4 {[%emt 0:00:26]} g6 {[%emt 0:00:06]} 2. Nc3 {[%emt 0:00:16]} Bg7 {[%emt 0:00:10]} 3. g3 {[%emt 0:00:37]} e5 {[%emt 0:00:32]} 4. Bg2 {[%emt 0:00:28]} f5 {[%emt 0:00:19]} 5. e4 {[%emt 0:01:37]} Nh6 {[%emt 0:07:25]} 6. d3 {[%emt 0:03:47]} O-O {[%emt 0:03:28]} 7. Nge2 {[%emt 0:06:38]} Nc6 {[%emt 0:05:26]} 8. h3 {[%emt 0:07:29]} d6 {[%emt 0:00:49]} 9. O-O {[%emt 0:07:29]} f4 {[%emt 0:15:06]} 10. gxf4 {[%emt 0:12:57]} exf4 {[%emt 0:01:56]} 11. Bxf4 {[%emt 0:01:03]} g5 {[%emt 0:15:37]} 12. Bg3 {[%emt 0:02:49]} g4 {[%emt 0:07:19]} 13. Nf4 {[%emt 0:07:17]} Nd4 {[%emt 0:08:35]} 14. hxg4 {[%emt 0:03:54]} Nxg4 {[%emt 0:03:17]} 15. Nce2 {[%emt 0:06:41]} Qg5 {[%emt 0:03:47]} 16. Nh3 {[%emt 0:02:18]} Qh6 {[%emt 0:07:42]} 17. Nxd4 {[%emt 0:05:29]} Bxd4 {[%emt 0:00:08]} 18. Qe2 {[%emt 0:00:13]} Ne5 {[%emt 0:01:45]} 19. Bxe5 {[%emt 0:14:54]} dxe5 {[%emt 0:00:27]} 20. Kh2 {[%emt 0:00:11]} Rf4 {[%emt 0:04:49]} 21. Qd2 {[%emt 0:01:13]} Qh5 {[%emt 0:00:44]} 22. Qd1 {[%emt 0:01:03]} Bg4 {[%emt 0:02:18]} 23. f3 {[%emt 0:00:21]} Bd7 {[%emt 0:03:12]} 24. Qe1 {[%emt 0:01:22]} Kh8 {[%emt 0:00:20]} 25. Rh1 {[%emt 0:01:34]} Rg8 {[%emt 0:00:42]} 26. Qf1 {[%emt 0:00:33]} Bxh3 {[%emt 0:01:04]} 27. Bxh3 {[%emt 0:00:33]} Rxf3 {[%emt 0:00:27]} 28. Rc1 {[%emt 0:02:38]} Rxf1 {[%emt 0:00:49]} 29. Rcxf1 {[%emt 0:00:03]} Qe2+ {[%emt 0:00:18]} 0-1

[Event "27th 4NCL Congress Open 2022"]
[Site "Harrogate"]
[Date "2022.01.23"]
[Round "4.19"]
[White "Smerdon, David C"]
[Black "Faulkner, Martin J"]
[Result "1-0"]
[WhiteElo "2508"]
[BlackElo "1833"]
[Annotator "TA"]
[PlyCount "125"]
[EventDate "2022.01.21"]
[EventType "swiss"]
[EventCountry "ENG"]
[SourceTitle "playchess.com"]
[Source "ChessBase"]
[SourceQuality "1"]

{[%evp 11,125,22,16,-2,7,-8,-8,-8,-10,-13,-12,-10,-9,-15,0,-52,-42,-86,-81,-67,-58,-192,-128,-244,-244,-234,-247,-255,-235,-240,-245,-243,-226,-429,-130,-125,-136,-132,-126,-136,-136,-141,-142,-154,-59,-81,-87,-88,-82,-115,-115,-102,-91,-101,-100,-120,-120,-113,-112,-124,-122,-183,-108,-151,-157,-165,-118,-204,-97,-109,-100,-162,458,432,630,625,625,613,626,607,663,616,2068,1587,1780,1637,1319,738,7937,7937,4914,5967,5501,10545,8492,6625,8415,8304,6787,2375,2769,1395,1197,1172,5234,5013,2834,2321,29973,7033,29985,29986,29987,29986,29989,29990]} 1. e4 {Bangiev,A} c5 2. Nc3 a6 3. g3 b5 4. Bg2 Bb7 5. f4 e6 6. d3 d5 7. Qe2 {exd5 is the strong threat. B23: Closed Sicilian: Lines without g3.} Nc6 8. Nf3 Nd4 9. Nxd4 {The position is equal.} cxd4 10. Nd1 dxe4 11. dxe4 Nf6 12. O-O Rc8 {[#]} 13. b3 $146 (13. Nf2 $11) ({Predecessor:} 13. Nf2 Be7 14. b3 O-O 15. Bb2 Qb6 16. Rad1 Rfd8 17. Rd3 Qc7 18. Rc1 e5 19. fxe5 Qxe5 {1-0 (36) Harikrishna,P (2645)-Bu,X (2632) Tiayuan 2005 CBM 108 [Bangiev,A]}) 13... Qc7 $15 14. Rf2 (14. Bb2 $15) 14... Bc5 15. Qd3 O-O 16. Bd2 (16. Re2 $15) 16... Rfd8 ({Black should try} 16... Ng4 $19 17. Re2 Rfd8) 17. a3 (17. h3 $17) 17... Ng4 $19 18. Re2 Ne3 19. Bb4 Nxg2 (19... Bxb4 $2 20. axb4 Nxg2 21. Kxg2 $19) 20. Kxg2 Bxb4 21. axb4 Qe7 22. Qd2 $2 (22. Nf2) 22... Rxc2 $2 23. Qxc2 $17 d3 24. Qc5 Qxc5 (24... dxe2 $2 25. Qxe7 Bxe4+ 26. Kf2 $18) 25. bxc5 dxe2 {[%mdl 4096] Endgame KRB-KRN} 26. Nc3 Rd3 27. Nxe2 b4 ({Not} 27... Bxe4+ 28. Kf1 $17) (27... Rxb3 28. Kf2 $17) (27... Kf8 $17 28. Kf2 Rxb3) 28. Kf2 Kf8 $1 ({Much weaker is} 28... Rxb3 $6 29. Rc1 Kf8 30. c6 $11) ({Reject} 28... Bxe4 $6 29. Rxa6 Kf8 30. Rb6 $11) 29. Ra4 Rxb3 30. Nd4 Rb2+ 31. Ke3 Ke8 (31... Rxh2 $2 32. Rxb4 Rh5 33. e5 $18) 32. c6 Bc8 33. Kd3 Kd8 34. Kc4 Kc7 35. Rxb4 Rxh2 36. Kc5 {[#]} (36. Rb3 $17 {was necessary.}) 36... Rh1 ({Black should play} 36... Ra2 $1 $19 {[%cal Oe6e5]} 37. Rb3 e5 38. fxe5 Ra5+ 39. Kc4 Rxe5) 37. Ne2 (37. Rc4 $142) 37... Ra1 38. Rc4 Ra2 (38... Ra5+ $19 39. Kd4 Ra2) 39. Nd4 (39. Nc3 $17 Rg2 40. e5) 39... Rg2 (39... e5 $19 40. Rc2 Ra4 41. fxe5 Ra5+ 42. Kc4 Rxe5) 40. Rc3 h5 41. f5 (41. e5 $17 {keeps fighting.}) 41... e5 $4 {[%mdl 8192] [#]} (41... Ra2 $19 {and life is good for Black. Threatens to win with ...Ra5+.} 42. fxe6 Bxe6) 42. Nc2 $1 $18 Rg1 (42... g6 $142 43. Ne3 Rb2) 43. Ne3 Rb1 44. Nd5+ Kb8 45. Kd6 f6 46. Ke7 Rb5 47. Kf7 a5 48. Kxg7 a4 49. Ra3 Rb3 50. Rxa4 Rxg3+ 51. Kxf6 h4 52. Rb4+ Ka7 53. Kxe5 {Intending f6 and mate.} h3 54. Rb1 h2 55. Rh1 (55. Ra1+ $142 Kb8 56. Rh1) 55... Rg2 56. Ne3 Re2 57. Ng4 Kb6 58. Rxh2 Re1 59. Rh6 {[%cal Of5f6] Black must now prevent f6!} Rc1 60. Ne3 {White threatens Nd5+ and mate.} Rc5+ 61. Nd5+ {White mates.} Ka7 62. Kd6 Ra5 63. Rh8 {Weighted Error Value: White=0.28 (precise) /Black=0.56} 1-0

[Event "27th 4NCL Congress Open 2022"]
[Site "Harrogate"]
[Date "2022.01.23"]
[Round "4.20"]
[White "Wynarczyk, Raymond"]
[Black "Fathallah, Joe"]
[Result "0-1"]
[WhiteElo "1752"]
[BlackElo "1882"]
[Annotator "NA RC"]
[PlyCount "104"]
[EventDate "2022.01.21"]
[EventType "swiss"]
[EventCountry "ENG"]
[SourceTitle "playchess.com"]
[Source "ChessBase"]
[SourceQuality "1"]
[TimeControl "5400+30"]

1. e4 {[%emt 0:00:04]} e6 {[%emt 0:00:11]} 2. d4 {[%emt 0:00:12]} d5 {[%emt 0:00:04]} 3. Nc3 {[%emt 0:00:09]} Nf6 {[%emt 0:00:09]} 4. Bg5 {[%emt 0:00:10]} Be7 {[%emt 0:00:07]} 5. e5 {[%emt 0:00:07]} Nfd7 {[%emt 0:00:06]} 6. h4 {[%emt 0:00:09]} a6 {[%emt 0:00:17]} 7. Qg4 {[%emt 0:03:31]} Bxg5 {[%emt 0:00:13]} 8. hxg5 {[%emt 0:01:17]} c5 $1 {[%emt 0:00:12]} 9. g6 {[%emt 0:00:41]} ({White should try} 9. dxc5 $14 Nxe5 10. Qg3) 9... f5 {[%emt 0:00:21]} 10. exf6 {[%emt 0:07:17]} Nxf6 {[%emt 0:00:48]} 11. Qf4 {[%emt 0:07:35]} h6 {[%emt 0:10:52]} (11... cxd4 $1 $15 12. Qxd4 (12. Rxh7 Rf8 $11) 12... Nc6) 12. dxc5 {[%emt 0:03:08]} Nc6 {[%emt 0:02:35]} 13. Nf3 {[%emt 0:04:06]} Qe7 {[%emt 0:07:17]} 14. Qd6 {[%emt 0:03:11]} (14. O-O-O $14) 14... Qxd6 $1 {[%emt 0:01:54]} 15. cxd6 {[%emt 0:00:16]} e5 {[%emt 0:01:53] [#]} ({Black should try} 15... Kd7 $11) 16. Ng5 $1 {[%emt 0:03:07]} Bf5 {[%emt 0:06:39]} 17. O-O-O {[%emt 0:00:16]} d4 {[%emt 0:14:08]} 18. Na4 {[%emt 0:03:30]} b5 {[%emt 0:04:15]} (18... Rf8 $11 19. Nb6 Rb8) 19. Nc5 {[%emt 0:01:23]} Rg8 {[%emt 0:10:45]} 20. Nge6 {[%emt 0:03:58]} Bxe6 {[%emt 0:00:36]} 21. Nxe6 {[%emt 0:00:19]} Kd7 {[%emt 0:01:01]} 22. Nc5+ $1 {[%emt 0:03:22]} Kxd6 {[%emt 0:00:25]} 23. Nb3 {[%emt 0:03:40]} Rac8 {[%emt 0:09:19]} 24. Kb1 $15 {[%emt 0:01:47]} (24. f4 $1 $11) 24... Rgd8 {[%emt 0:04:30]} 25. f4 {[%emt 0:02:40]} exf4 {[%emt 0:03:33]} 26. Nxd4 {[%emt 0:02:39]} Nxd4 {[%emt 0:00:18]} 27. Rxd4+ {[%emt 0:00:09]} Ke5 {[%emt 0:00:18]} 28. Rxd8 {[%emt 0:01:56]} Rxd8 {[%emt 0:00:46]} 29. Bd3 {[%emt 0:02:03]} Kd4 {[%emt 0:08:10]} 30. Bxb5 {[%emt 0:01:15]} Ke3 {[%emt 0:03:35]} 31. Bxa6 {[%emt 0:02:52]} Kf2 {[%emt 0:00:21]} 32. Bb7 {[%emt 0:01:00]} Nd5 {[%emt 0:02:48]} 33. c4 {[%emt 0:03:16]} Ne3 {[%emt 0:01:36]} 34. c5 {[%emt 0:01:57]} Rd7 {[%emt 0:02:12]} 35. Be4 {[%emt 0:07:51]} Nxg2 {[%emt 0:01:05]} 36. Rh2 {[%emt 0:01:33]} f3 {[%emt 0:00:02]} 37. c6 {[%emt 0:01:14]} Re7 {[%emt 0:00:49]} 38. Bd5 {[%emt 0:01:17]} Kg1 {[%emt 0:01:17]} 39. Bxf3 {[%emt 0:03:25]} Kxh2 {[%emt 0:00:13]} 40. b4 {[%emt 0:00:05]} Ne3 {[%emt 0:00:43]} 41. a4 {[%emt 0:04:01]} Nc4 {[%emt 0:00:30]} 42. Kc2 {[%emt 0:00:52]} Kg3 {[%emt 0:00:40]} 43. Bh5 {[%emt 0:01:57]} Kh4 {[%emt 0:00:42]} 44. Kc3 {[%emt 0:01:59]} Nb6 {[%emt 0:00:37]} 45. Bd1 {[%emt 0:00:42]} Kg5 {[%emt 0:00:30]} 46. a5 {[%emt 0:00:09]} Nd5+ {[%emt 0:00:47]} 47. Kb3 {[%emt 0:00:58]} h5 {[%emt 0:00:30]} 48. b5 {[%emt 0:00:26]} h4 {[%emt 0:01:28]} 49. b6 {[%emt 0:01:06]} h3 {[%emt 0:01:03]} 50. b7 {[%emt 0:00:51]} h2 {[%emt 0:00:33]} 51. b8=Q {[%emt 0:02:36]} h1=Q {[%emt 0:00:13]} 52. Qg3+ {[%emt 0:00:42]} Kh6 {[%emt 0:00:15]} 0-1

[Event "27th 4NCL Congress Open 2022"]
[Site "Harrogate"]
[Date "2022.01.23"]
[Round "4.21"]
[White "Sheppard, Derek Alan"]
[Black "Brencher, Paul"]
[Result "0-1"]
[WhiteElo "1692"]
[BlackElo "1875"]
[Annotator "NA RC"]
[PlyCount "48"]
[EventDate "2022.01.21"]
[EventType "swiss"]
[EventCountry "ENG"]
[SourceTitle "playchess.com"]
[Source "ChessBase"]
[SourceQuality "1"]
[TimeControl "5400+30"]

{[%evp 8,33,11,9,20,0,0,0,21,8,22,0,0,4,13,8,0,16,53,-20,-2,-45,-4,-15,32767,32767,-50,-178]} 1. d4 {[%emt 0:00:04]} d6 {[%emt 0:01:15]} 2. Bf4 {[%emt 0:00:18]} g6 {[%emt 0:00:23]} 3. Nf3 {[%emt 0:00:26]} Bg7 {[%emt 0:00:39]} 4. e3 {[%emt 0:00:23]} Nd7 {[%emt 0:01:36]} 5. h3 {[%emt 0:02:27]} e5 {[%emt 0:06:10]} 6. Bh2 {[%emt 0:00:16]} Qe7 {[%emt 0:03:38]} 7. Be2 {[%emt 0:00:20]} Nh6 {[%emt 0:04:36]} 8. O-O {[%emt 0:02:36]} O-O {[%emt 0:01:37]} 9. c3 {[%emt 0:02:04]} e4 {[%emt 0:09:51]} 10. Ne1 {[%emt 0:01:15]} b6 {[%emt 0:06:01]} 11. Nc2 {[%emt 0:00:37]} Nf5 {[%emt 0:02:42]} 12. a4 {[%emt 0:02:27]} Bb7 {[%emt 0:02:06]} (12... a5 $11) 13. Nba3 {[%emt 0:03:43]} (13. a5 $1 $14) 13... a6 {[%emt 0:01:52]} 14. Nc4 {[%emt 0:02:31]} (14. b4 $11 {deserves consideration.}) 14... Nh4 {[%emt 0:06:10]} 15. b4 $1 {[%emt 0:07:56]} g5 {[%emt 0:07:06]} 16. Kh1 {[%emt 0:25:51]} f5 {[%emt 0:01:57]} 17. Qd2 $19 {[%emt 0:00:33]} ({White should try} 17. Bg3 $15) 17... f4 {[%emt 0:10:52]} 18. g3 {[%emt 0:18:34]} Ng6 {[%emt 0:01:11]} 19. Bh5 {[%emt 0:08:58]} Qe6 {[%emt 0:05:32]} 20. Bg4 {[%emt 0:04:25]} Qxc4 {[%emt 0:02:58]} 21. Bxd7 {[%emt 0:00:09]} h5 {[%emt 0:01:25]} 22. Na3 {[%emt 0:04:51]} Qf7 {[%emt 0:00:31]} 23. Qa2 {[%emt 0:01:15]} d5 {[%emt 0:01:19]} 24. Qe2 {[%emt 0:02:15]} f3 {[%emt 0:00:28]} 0-1

[Event "27th 4NCL Congress Open 2022"]
[Site "Harrogate"]
[Date "2022.01.23"]
[Round "4.22"]
[White "Hepworth, Peter"]
[Black "Hymer, Barry"]
[Result "1-0"]
[WhiteElo "2007"]
[BlackElo "1896"]
[Annotator "TA"]
[PlyCount "57"]
[EventDate "2022.01.21"]
[EventType "swiss"]
[EventCountry "ENG"]
[SourceTitle "playchess.com"]
[Source "ChessBase"]
[SourceQuality "1"]

{[%evp 10,57,64,35,62,52,47,45,45,45,166,120,179,164,164,127,237,111,141,145,186,193,231,137,212,132,152,71,112,0,229,247,285,277,304,287,292,304,304,275,1190,1143,843,178,29994,29992,29995,29996,29997,29998]} 1. Nf3 d6 2. d4 Nf6 3. c4 Nbd7 4. Nc3 e5 5. e4 Be7 6. h3 c6 {A55: Old Indian Defence with Nf3 and e4.} 7. Be3 O-O 8. g4 exd4 {White is slightly better.} 9. Nxd4 {[#]} Ne5 $146 (9... Nb6 $14) ({Predecessor:} 9... d5 10. exd5 cxd5 11. cxd5 Nb6 12. d6 Qxd6 13. Nf5 Bxf5 14. Qxd6 Bxd6 15. gxf5 Be5 {0-1 (58) Segovic,G (2289)-Jusup,M (2235) Podturen 2020}) 10. g5 (10. f4 $18) 10... Ne8 (10... Nxe4 $16 {was worth a try.} 11. Nxe4 d5) 11. f4 $18 Nd7 12. Be2 Nc5 {Inhibits Qb3.} (12... Nb6 $16 {is a better defense.}) 13. Bg4 (13. Qc2 $1 $18 {is more deadly.}) 13... g6 14. Qc2 Ng7 (14... f6 $16) 15. O-O-O $1 Nce6 16. Nce2 (16. Nf3 $18) 16... Bd7 (16... f5 $16) 17. Rdg1 b5 {[%cal Od6d5]} 18. Nxe6 ({Better is} 18. Kb1) 18... Bxe6 $16 19. h4 (19. cxb5 $16 cxb5 20. Kb1) 19... Qa5 $2 {[#]} (19... Bxg4 $1 $11 {and Black has nothing to worry.} 20. Rxg4 d5) 20. f5 $1 $18 Bxc4 21. f6 Qxa2 22. Nc3 {Active counter play!} (22. fxe7 Rfe8 23. Kd2 Qa5+ 24. Qc3 Qxc3+ 25. Kxc3 Rxe7 $16) ({Don't play} 22. fxg7 Kxg7 23. Nd4 c5 $18) 22... Qa1+ 23. Kd2 Qa5 {[%cal Oh7h5]} 24. h5 {Chess con chili.} ({Less strong is} 24. fxe7 Rfe8 25. Ra1 Qb4 $18) 24... d5 $2 (24... b4) 25. hxg6 fxg6 {[#]} 26. fxg7 $2 (26. Rxh7 $3 {[%mdl 512]} Kxh7 27. Rh1+ Kg8 28. e5) 26... Rfd8 $2 (26... Rf7 $18) 27. Be6+ {White mates.} Kxg7 {[#]} 28. Rxh7+ $3 {[%mdl 512]} Kf8 (28... Kxh7 29. Rh1+) 29. Rh8+ {Weighted Error Value: White=0.51/Black=0.90} 1-0

[Event "27th 4NCL Congress Open 2022"]
[Site "Harrogate"]
[Date "2022.01.23"]
[Round "4.23"]
[White "Varley, Joe"]
[Black "Miller, George"]
[Result "1-0"]
[WhiteElo "1832"]
[BlackElo "1796"]
[Annotator "NA RC"]
[PlyCount "75"]
[EventDate "2022.01.21"]
[EventType "swiss"]
[EventCountry "ENG"]
[SourceTitle "playchess.com"]
[Source "ChessBase"]
[SourceQuality "1"]
[TimeControl "5400+30"]

{[%evp 8,53,58,35,59,58,32767,55,32767,32767,64,52,71,52,56,44,41,32767,49,37,69,55,143,135,478,121,233,214,253,202,240,239,32767,237,243,241,237,207,207,181,198,197,198,188,191,192,216,109]} 1. e4 {[%emt 0:00:04]} e6 {[%emt 0:07:29]} 2. d4 {[%emt 0:00:07]} d5 {[%emt 0:00:04]} 3. Nd2 {[%emt 0:00:06]} dxe4 {[%emt 0:00:05]} 4. Nxe4 {[%emt 0:00:11]} Bd7 {[%emt 0:00:23]} 5. Bd3 {[%emt 0:00:40]} Bc6 {[%emt 0:00:09]} 6. Nf3 {[%emt 0:01:06]} Nd7 {[%emt 0:02:15]} 7. c3 {[%emt 0:01:04]} Ngf6 {[%emt 0:00:14]} 8. Nxf6+ {[%emt 0:00:22]} Nxf6 {[%emt 0:00:15]} 9. O-O {[%emt 0:00:10]} Bxf3 {[%emt 0:02:27]} 10. Qxf3 {[%emt 0:00:14]} ({Much worse is} 10. gxf3 Qd5 $11) 10... c6 {[%emt 0:00:04]} 11. Re1 {[%emt 0:01:01]} Bd6 {[%emt 0:03:23]} 12. Bg5 {[%emt 0:02:04]} h6 {[%emt 0:01:04]} 13. Bd2 {[%emt 0:03:56]} Qc7 {[%emt 0:02:34]} 14. h3 {[%emt 0:01:22]} O-O {[%emt 0:01:11] [#]} (14... Qe7 $14) 15. Bxh6 $1 {[%emt 0:01:13]} Nd5 $2 {[%emt 0:01:35] [#]} (15... Qa5 $16 {is tougher.} 16. Bd2 Qd5 17. Qxd5 Nxd5) 16. Bd2 $2 {[%emt 0:02:34]} ({And not} 16. Qg4 f5 17. Qh5 (17. Qg6 $2 Rf6 $19) 17... gxh6 18. Qg6+ Kh8 19. Qxh6+ Qh7 20. Rxe6 Bc7 $11) (16. Bxg7 $1 $18 {[%mdl 512] and the rest is easy.} Rfe8 17. Be5 Bxe5 18. Rxe5) 16... Nf4 {[%emt 0:00:14]} (16... Bf4 $16 {was necessary.}) 17. Bc2 {[%emt 0:02:17]} g6 {[%emt 0:00:37]} 18. Re4 {[%emt 0:01:52]} Nh5 {[%emt 0:01:06]} 19. Bh6 {[%emt 0:01:36]} Qe7 {[%emt 0:01:44]} 20. Bxf8 {[%emt 0:00:39]} Kxf8 {[%emt 0:00:13]} 21. Rae1 {[%emt 0:00:15]} Kg7 {[%emt 0:00:25]} 22. a3 {[%emt 0:03:50]} Rh8 {[%emt 0:00:10]} 23. c4 {[%emt 0:00:29]} Nf6 {[%emt 0:00:44]} 24. R4e2 {[%emt 0:00:50]} Bb8 {[%emt 0:00:11]} 25. Kf1 {[%emt 0:05:46]} Qd6 {[%emt 0:00:36]} 26. Rd2 {[%emt 0:01:09]} Rh4 {[%emt 0:03:06]} 27. Qg3 $16 {[%emt 0:06:22]} ({White should play} 27. g4 $18) 27... Rf4 {[%emt 0:00:25]} 28. Qd3 {[%emt 0:03:11]} Rf5 {[%emt 0:04:54]} 29. g3 {[%emt 0:03:26]} Nh5 {[%emt 0:02:32]} 30. Kg1 {[%emt 0:02:29]} Rg5 {[%emt 0:06:01]} 31. Re5 {[%emt 0:01:02]} f5 {[%emt 0:01:04]} 32. Qe3 {[%emt 0:03:27]} f4 {[%emt 0:01:18]} 33. Qe4 {[%emt 0:05:47]} Nxg3 {[%emt 0:02:35]} 34. fxg3 {[%emt 0:00:31]} Qe7 {[%emt 0:02:22]} 35. Rxe6 {[%emt 0:01:21]} Rxg3+ {[%emt 0:00:19]} 36. Rg2 {[%emt 0:00:06]} Rxg2+ {[%emt 0:00:07]} 37. Kxg2 {[%emt 0:00:05]} Qg5+ {[%emt 0:00:09]} 38. Kh1 {[%emt 0:00:08]} 1-0